000 00931nam a2200253 a 4500
001 390
003 BR-CuiBMT
005 20231122025916.0
008 231103s2014 mgb 000 0 por d
020 _a9788577009237
040 _aBR-CuiBMT
_cBR-CuiBMT
080 _22007
_a342:35.072.2
090 _a342:35.072.2
_bM539d
100 1 _aMendonça, José Vicente Santos de
245 1 0 _aDireito constitucional econômico :
_ba intervenção do Estado na economia à luz da razão pública e do pragmatismo /
_cJosé Vicente Santos de Mendonça ; prefácio Daniel Sarmento.
260 _aBelo Horizonte :
_bFórum,
_cc2014.
300 _a490 p. ;
_c21 cm
504 _aInclui bibliografia.
650 _aEconomia
_xIntervenção (Governo federal)
_zBrasil
650 _aDireito econômico
_xAspectos constitucionais
_zBrasil
650 _aRegulação estatal
_zBrasil
650 _aDireito constitucional
_zBrasil
942 _2udc
_cLV
999 _c390
_d390